00322pab a2200121 454500008004000000100002300040245004900063260000900112300001300121362000800134650001700142773004100159180718b2001 xxu||||| |||| 00| 0 eng d aGeffray, Christian aIntroduction: drug trafficking and the state c2001 ap.421-26 aSep aDrug traffic aInternational Social Science Journal